Diarios de la Revolución de 1917
Guardat en:
| Autor principal: | |
|---|---|
| Format: | Llibre |
| Idioma: | espanyol |
| Publicat: |
Barcelona
Acantilado
2015
|
| Edició: | 1a. ed |
| Col·lecció: | El Acantilado, 303
|
| Matèries: | |
| Etiquetes: |
Afegir etiqueta
Sense etiquetes, Sigues el primer a etiquetar aquest registre!
|
MARC
| LEADER | 00000cam a2200000 a 4500 | ||
|---|---|---|---|
| 001 | UCE7100 | ||
| 003 | CL-VaPUC | ||
| 008 | 150529e20150000sp |||||||||||||||||spa|d | ||
| 020 | |a 9788416011391 | ||
| 082 | 0 | 4 | |a 891.703 |b TSV |2 21 |
| 100 | 0 | |a Tsvietaieva, Marina |e author |9 388970 | |
| 245 | 1 | 0 | |a Diarios de la Revolución de 1917 |
| 250 | |a 1a. ed | ||
| 300 | |a 222 p | ||
| 942 | |c BK | ||
| 945 | |d 20150529 15:00:00 |a dcastane | ||
| 260 | |a Barcelona |b Acantilado |c 2015 | ||
| 650 | 0 | |a Novelas rusas |9 316330 | |
| 650 | 0 | |a Literatura rusa |9 318370 | |
| 583 | |a last modification |c 20150529 15:00:00 |k Rodrigo Vera | ||
| 490 | 0 | |a El Acantilado, 303 | |
| 999 | |c 359234 |d 359232 | ||
| 952 | |0 0 |1 0 |3 erb |4 0 |6 891_703000000000000_TSV_2015 |7 0 |8 A |9 468374 |a BIBART |b BIBART |i 5160693 |o 891.703 TSV 2015 |p 5160693 |r 2025-03-13 |w 2019-11-23 |y BK |z Catalogado en:20150529 |k ART | ||